000 00659nam a22002177a 4500
003 UA-OsUOA
001 126789
007 ta
008 20171106b un ||||| |||| 00| 0 ukr d
100 _aБутко М. П.
090 _a330(477)
_bБ93
942 _cSA
040 _aUA-OsUOA
_bukr
_cUA-OsUOA
_dUA-OsUOA
245 _aБіфуркаційний стан державотворчого ядра України в умовах реалізації євроінтеграційного курсу
300 _aС.49-65
955 _a0
041 _aukr
080 _a330(477)
773 0 _w126773
650 7 _a330 Економіка взагалі
_2UDC
999 _c413935
_d413935